Statistics for Shanghai Shenhua 1st team roster season 2023

Click here to take the quiz!

General Stats

  • This quiz has been taken 4 times
  • The average score is 21 of 35

Answer Stats

Jersey No.Player% Correct
18Zhang Wei
100%
5Zhu Chenjie
100%
23Bai Jiajun
67%
30Bao Yaxiong
67%
28Cao Yunding
67%
11Cephas Malele
67%
17Christian Bassogog
67%
21Cui Lin
67%
36Fei Ernanduo
67%
35He Longhai
67%
6Ibrahim Amadou
67%
4Jiang Shenglong
67%
10Joao Teixeira
67%
2Macario Hing Glover
67%
1Ma Zhen
67%
25Peng Xinli
67%
34Qi Long
67%
42Wang Junqiang
67%
38Wen Jiabao
67%
15Wu Xi
67%
7Xu Haoyang
67%
24Xu Yougang
67%
16Yang Zexiang
67%
20Yu Hanchao
67%
41Zhou Zhengkai
67%
32Aidi Fulangxisi
33%
43He Bizhen
33%
22Jin Yangyang
33%
8Liu Ruofan
33%
39Liu Yujie
33%
33Wang Haijiang
33%
45Wang Longxiao
33%
31Xue Qinghao
33%
40Yu Hang
33%
29Zhou Junchen
33%

Score Distribution

Percentile by Number Answered

Percent of People with Each Score

Your Score History

You have not taken this quiz